Belarus Regions Quiz - Statistics

General Stats
  • This quiz has been taken 129 times
  • The average score is 5 of 7
Answer Stats
Region % Correct
Minsk
98%
Brest
90%
Gomel
76%
Grodno
68%
Vitebsk
68%
Mogilev
61%
Horad Minsk
24%
No matching quizzes found
Score Distribution
Percent of People with Each Score
Percentile by Number Answered
Your Score History
You have not taken this quiz